Central Library OPAC University of Rajshahi

Exploring superstitions / (Record no. 7674)

MARC details
000 -LEADER
fixed length control field 00723nam a2200253 4500
001 - CONTROL NUMBER
control field 7674
003 - CONTROL NUMBER IDENTIFIER
rucl marc code BD-RjUL
005 - DATE AND TIME OF LATEST TRANSACTION
control field 20211208234444.0
008 - FIXED-LENGTH DATA ELEMENTS--GENERAL INFORMATION
fixed length control field 140115s1967 enka 001 0 eng
035 ## - SYSTEM CONTROL NUMBER
System control number (BD-RjUL)7718
040 ## - CATALOGING SOURCE
Original cataloging agency DLC
Transcribing agency DLC
Modifying agency BD-RjUL
Language of cataloging eng
041 ## - LANGUAGE CODE
Language code of text/sound track or separate title eng
082 00 - DEWEY DECIMAL CLASSIFICATION NUMBER
Classification number 398.37
Author mark and year PAE 1967
100 1# - MAIN ENTRY--PERSONAL NAME
Personal name Palmer, Geoffrey.
9 (RLIN) 23926
245 10 - TITLE STATEMENT
Title Exploring superstitions /
Statement of responsibility, etc. Geoffrey Palmer and Noel Lloyd; illustrated by Sylvia and Cyril Deakins.
260 ## - PUBLICATION, DISTRIBUTION, ETC. (IMPRINT)
Place of publication, distribution, etc. London :
Name of publisher, distributor, etc. Odhams,
Date of publication, distribution, etc. 1967.
300 ## - PHYSICAL DESCRIPTION
Pagination 96 p.
Illustrations illus.
Size 21 cm.
504 ## - BIBLIOGRAPHY, ETC. NOTE
Bibliography, etc Include index.
650 #0 - SUBJECT ADDED ENTRY--TOPICAL TERM
Topical term or geographic name as entry element Superstition.
9 (RLIN) 20928
700 1# - ADDED ENTRY--PERSONAL NAME
Personal name Lloyd, Noel
Relator term joint author.
942 ## - ADDED ENTRY ELEMENTS (KOHA)
Source of classification or shelving scheme Dewey Decimal Classification
Koha item type Books
Holdings
Lost status Source of classification or shelving scheme Damaged status Not for loan Collection code Permanent Location Current Location Shelving location Date acquired Source of acquisition Cost, normal purchase price Total Checkouts Full call number Date last seen Copy number Koha item type
  Dewey Decimal Classification   Not For Loan Fiction Central Library, University of Rajshahi Central Library, University of Rajshahi   05/04/1973 Paragon Enterprises 11.55   398.37 PAE 1967 15/01/2014 C-1 Books